• 首页
  • 本馆介绍
  • 公告通知
  • 最新文献
  • 馆藏检索
  • 电子资源
  • 读者导购
  • 参考咨询
  • 我的图书馆
  • 登录
  • 详细信息显示
  • 放入我的书架
  • 预约/预借图书
  • 作者相关作品
  • 分类相关作品
  • 丛书相关作品
  • 出版社相关作品

书目信息

  • 表格格式
  • 工作单格式
  • 卡片格式
题名:
社会服务组织管理
    
 
作者: 赵学慧 主编
分册:  
出版信息: 北京   中国社会出版社  2013
页数: 337页
开本: 24cm
丛书名:
单 册:
中图分类: C916.2
科图分类:
主题词: 社会服务--组织管理--高等职业教育--教材 , 社会服务 , 组织管理
电子资源:
ISBN: 978-7-5087-4305-9
000 01324nam0 22002771 450
001 523
005 20140905093210.42
010    @a978-7-5087-4305-9@dCNY32.00
100    @a20130521d2013 em y0chiy50 ea
101 0  @achi
102    @aCN@b110000
105    @ay z 000yy
106    @ar
200 1  @a社会服务组织管理@AShe Hui Fu Wu Zu Zhi Guan Li@dAdministration of social service organization@f赵学慧主编@FZhao Xue Hui Zhu Bian@zeng
210    @a北京@c中国社会出版社@d2013
215    @a337页@d24cm
300    @a高职教育社会管理和社会服务类专业系列教材
330    @a本书立足于社会服务组织,以社会工作专业价值观和理念为基础,以有效推动社会工作专业化服务为目标,探讨如何通过各项管理活动有效地传递社会福利,开展社会服务来满足服务对象的需要,恢复或提升其社会功能。全书结合高职高专的教育理念和社会工作实务性强的专业特点,以能力教育为本,以“知识学习+能力提升”为主线和目标。其结构主要包括知识导读和实训项目两大模块,注重学生的学与练的结合。书中还设计了情景和案例,将知识学习和技能培养置于实际的社会服务组织情境中。
510 1  @aAdministration of social service organization@zeng
606 0  @a社会服务@x组织管理@x高等职业教育@j教材
606 0  @a社会服务
606 0  @a组织管理
690    @aC916.2@v5
701  0 @a赵学慧@AZhao Xue Hui@4主编
801  0 @aCN@bTANGWEI@c20140603
905    @b0837153-55@dC916.2@e880@f3
    
    社会服务组织管理=Administration of social service organization/赵学慧主编.-北京:中国社会出版社,2013
    337页;24cm
    高职教育社会管理和社会服务类专业系列教材
    
    ISBN 978-7-5087-4305-9:CNY32.00
    本书立足于社会服务组织,以社会工作专业价值观和理念为基础,以有效推动社会工作专业化服务为目标,探讨如何通过各项管理活动有效地传递社会福利,开展社会服务来满足服务对象的需要,恢复或提升其社会功能。全书结合高职高专的教育理念和社会工作实务性强的专业特点,以能力教育为本,以“知识学习+能力提升”为主线和目标。其结构主要包括知识导读和实训项目两大模块,注重学生的学与练的结合。书中还设计了情景和案例,将知识学习和技能培养置于实际的社会服务组织情境中。
●
相关链接 在E读中查询图书 在五车中查询图书 在当当中查询图书 在豆瓣中查询图书


正题名:社会服务组织管理     索取号:C916.2/880         预约/预借

序号 登录号 条形码 馆藏地/架位号 状态 备注
1 0837153   208371536   第一样本阅览室/ [索取号:C916.2/880] 在馆    
2 0837154   208371545   第一借阅区/ [索取号:C916.2/880] 在馆    
3 0837155   208371554   第一借阅区/ [索取号:C916.2/880] 在馆    
欢迎您!
大连网信软件有限公司© 版权所有